Biblioteca

No se aburra / Maité Dautant ; ilustraciones de María Elena Repiso (Registro nro. 48816)

Detalles MARC
000 -LÍDER
Campo fijo de descripción fija 005930000a22002050004500
001 - NÚMERO DE CONTROL
Campo de control 1658
003 - IDENTIFICADOR DEL NÚMERO DE CONTROL
Campo de control CO-MdFUSB
005 - FECHA Y HORA DE LA ULTIMA TRANSACCIÓN
control field 20180410180748.0
008 - ELEMENTOS DE LONGITUD FIJA -- INFORMACIÓN GENERAL
Campo fijo de descripción fija -- Información general 170912b xxu||||| |||| 00| 0 eng d
020 ## - NÚMERO INTERNACIONAL NORMALIZADO PARA LIBROS
Número Internacional Normalizado del libro 980-6993-04-7
040 ## - FUENTE DE CATALOGACIÓN
Agencia que realiza la transcripción CO-MdBIC
082 04 - NÚMERO DE CLASIFICACIÓN DECIMAL DEWEY
Número de clasificación 790 D269n
100 1# - ASIENTO PRINCIPAL--NOMBRE PERSONAL
Nombre personal Dautant, Maité
245 10 - TÍTULO
Título del Material No se aburra / Maité Dautant ; ilustraciones de María Elena Repiso
260 ## - PUBLICACIÓN, DISTRIBUCIÓN, ETC. (PIE DE IMPRENTA)
Lugar de publicación, distribución, etc. Caracas : Ediciones B
300 ## - DESCRIPCIÓN FÍSICA
Extensión 48 P.
500 ## - NOTA GENERAL
Nota General Incluye índice
650 14 - ASIENTO SECUNDARIO DE MATERIA - TERMINO TEMÁTICO
Término temático o nombre geográfico como elemento de entrada Juegos de palabras-América Latina \ Adivinanzas \ Juegos de lectura \ Juegos literarios
942 ## - TIPO DE MATERIAL (KOHA)
Tipo de Item KOHA Z- Libro General BINCO
Existencias
Estado de Material Estado de Perdido Forma de Clasificación Volumen-Parte/Tomo Estado de Dañado No para Préstamo Tomo Biblioteca de Origen Biblioteca Permanente Fecha de Adquisición Total de Préstamos Signatura Topográfica Código de Barras Última vez visto Última vez Préstado Ejemplar/Existencia Fecha de Remplazo Tipo de Material
    Dewey Decimal Classification         Biblioteca Infantil Comunitaria BINCO Biblioteca Infantil Comunitaria BINCO 15/10/2008 2 790 D269n B32320 30/04/2018 30/04/2018 1 26/01/2016 Z- Libro General BINCO

Biblioteca FUSBC | Teléfono: (57+4) 349 88 10 Ext. 141| WhatsApp (+57) 3005338115 
E-mail: biblioteca@unisbc.edu.co | Calle 76 87-14 Robledo Palenque, Medellín, Colombia

Con tecnología Koha